000 00469nam a2200205Ia 4500
003 OSt
005 20220924133753.0
006 a|||||r|||| 00| 0
007 ta
008 220923b |||||||| |||| 00| 0 snd d
024 _a268735
037 _cTextual
040 _aARTS
_cARTS
_bsnd
041 _2snd
_asnd
082 _aV2, 1593G6
245 0 _aAzadi ain ji rah
260 _c1936
942 _hV2, 1593G6
_cTEXL
_2CC
999 _c435129
_d435129